NFL Week 15 Fantasy Leaders 2024-2025 - Statistics

General Stats
  • This quiz has been taken 69 times
  • The average score is 12 of 20
Answer Stats
Position Points Player % Correct
QB 41.3 Josh Allen
98%
WR 37.3 Amon-Ra St. Brown
92%
WR 25 AJ Brown
86%
RB 26.3 Chase Brown
86%
QB 41.1 Jared Goff
86%
QB 36.1 Lamar Jackson
80%
WR 28 DeVonta Smith
76%
RB 28.4 Jahmyr Gibbs
68%
QB 28.1 Jalen Hurts
62%
QB 29.0 Baker Mayfield
60%
RB 26.3 James Cook
54%
WR 42.8 Davante Adams
50%
QB 30.1 Aaron Rodgers
48%
WR 36.9 Mike Evans
48%
WR 26.6 CeeDee Lamb
40%
WR 26.3 Terry McLaurin
40%
WR 24.2 Malik Nabers
36%
WR 32.5 Brian Thomas Jr.
28%
RB 30.8 James Conner
28%
RB 27.2 Tyjae Spears
4%
No matching quizzes found
Score Distribution
Percent of People with Each Score
Percentile by Number Answered
Your Score History
You have not taken this quiz